Unges uddannelses - og beskaeftigel forhold i Kobenhavn, 1981

Na minha lista:
Detalhes bibliográficos
Formato: Livro
Idioma:dinamarquês
Publicado em: Kobenhavn Statistiske kontor 1981
Edição:1. ed.
Colecção:Undersogelse Nr.22
Tags: Adicionar Tag
Sem tags, seja o primeiro a adicionar uma tag!

MARC

LEADER 00000nam a2200000 4500
001 c034451
005 20260119073619.8
041 0 |a dan 
044 |a DK 
245 1 0 |a Unges uddannelses - og beskaeftigel forhold i Kobenhavn, 1981 
250 |a 1. ed. 
264 1 |a Kobenhavn  |b Statistiske kontor  |c 1981 
300 |a 26 s. 
490 1 |a Undersogelse  |v Nr.22 
830 0 |a Undersogelse  |v Nr.22